000 00819nam a2200253Ia 4500
003 OSt
005 20220923215855.0
006 a|||||r|||| 00| 0
007 ta
008 220922b |||||||| |||| 00| 0 hin d
024 _a182,434
037 _cTextual
040 _aARTS
_cARTS
_bhin
041 _2hin
_ahin
082 _aO152,1NNAx, L7
100 _aमाचवे, प्रभाकर, संपा.
_9156370
245 0 _aनागार्जुन
246 _aNāgārjuna
260 _aदिल्ली
_b राजपाल एण्ड सन्ज
_c1977
300 _a102 पृ.
_ccm.
650 _aहिन्दी साहित्य
_9156264
942 _hO152,1NNAx, L7
_cTEXL
_2CC
999 _c335798
_d335798